Movies Quiz

Random Movies or Clickable Quiz

Finish the Disney Quote Quiz Stats

Quiz Updated Mar 11, 2013

Challenge
Share
Tweet
Embed
Score 0/26 Timer 07:00
2 Plays Today
% Correct
a loincloth
90.9%
the 14th century
90.7%
a puppet
90.6%
a butterfly
88%
crazy people
87.6%
a whole elephant
84.4%
white wine
82.2%
her heart
82%
a freak
80.4%
that alarm clock
78.8%
my injured hand
76.7%
my broom
76.2%
the floor
74.7%
% Correct
a man cub
74.4%
a tall, dark and sinister ugly man
70%
a barge
69.2%
gas
66.3%
a warrior
66.2%
a mad watch
66%
a new pair of slippers
64.4%
his Achilles heel
63.5%
an action figure
60.5%
his reward posters
60.4%
desserts
50.6%
the dirt
48.7%
a mackerel
37.8%

You're not logged in!

Compare scores with friends on all Sporcle quizzes.
Join for Free
OR
Log In

You Might Also Like...

Show Comments

Extras

Top Quizzes Today


Score Distribution

Your Account Isn't Verified!

In order to create a playlist on Sporcle, you need to verify the email address you used during registration. Go to your Sporcle Settings to finish the process.

Report this User

Report this user for behavior that violates our Community Guidelines.

Details: